[Event "Bezirksliga Oberbayern 1819"]
[Site "Bayern"]
[Date "2019.02.03"]
[Round "6.6"]
[White "Guertler, Armin"]
[Black "Donegani, Peter"]
[Result "1/2-1/2"]
[WhiteElo "1866"]
[BlackElo "1989"]
[PlyCount "42"]
[EventDate "2018.10.21"]
[EventType "team-tourn"]
[EventRounds "9"]
[EventCountry "GER"]
[SourceTitle "EXT 2022"]
[Source "ChessBase"]
[SourceDate "2021.10.06"]
[SourceVersion "1"]
[SourceVersionDate "2021.10.06"]
[SourceQuality "1"]
[WhiteTeam "Ingolstadt MTV"]
[BlackTeam "Freilassing"]
[WhiteTeamCountry "GER"]
[BlackTeamCountry "GER"]

1. e4 d5 2. exd5 Qxd5 3. Nc3 Qa5 4. Bc4 Nf6 5. d4 Bg4 6. f3 Bf5 7. Bd2 Qb6 8. Nge2 e6 9. g4 Bg6 10. h4 h6 11. Nf4 Nc6 12. d5 Nd4 13. Nxg6 fxg6 14. dxe6 0-0-0 15. Bb3 Bd6 16. Kf1 Bg3 17. Be3 Qc6 18. Bxd4 Rxd4 19. Qe2 Rhd8 20. Rd1 Rxd1+ 21. Nxd1 Nxg4 1/2-1/2

[Event "Oberbayern Bezirksliga 1718"]
[Site "Germany"]
[Date "2018.01.21"]
[Round "5.7"]
[White "Schmid, Max"]
[Black "Guertler, Armin"]
[Result "1/2-1/2"]
[WhiteElo "1762"]
[BlackElo "1844"]
[PlyCount "51"]
[EventDate "2017.10.22"]
[EventType "team-tourn"]
[EventRounds "9"]
[EventCountry "GER"]
[SourceTitle "EXT 2019"]
[Source "ChessBase"]
[SourceDate "2018.10.10"]
[SourceVersion "1"]
[SourceVersionDate "2018.10.10"]
[SourceQuality "1"]
[WhiteTeam "Dorfen"]
[BlackTeam "Ingolstadt"]
[WhiteTeamCountry "GER"]
[BlackTeamCountry "GER"]

1. e4 d6 2. d4 g6 3. Nc3 Bg7 4. f4 Nf6 5. Nf3 0-0 6. h3 c5 7. d5 a6 8. Be3 b5 9. Nd2 e6 10. dxe6 fxe6 11. e5 Nd5 12. Nxd5 exd5 13. Nf3 d4 14. c3 dxe5 15. cxd4 exd4 16. Bc1 Re8+ 17. Kf2 Bf5 18. a4 b4 19. Bc4+ Be6 20. Qb3 Bxc4 21. Qxc4+ Kh8 22. Ng5 Qe7 23. Nf7+ Kg8 24. Ng5+ Kh8 25. Nf7+ Kg8 26. Ng5+ 1/2-1/2